Sports Quiz

Random Sports or Clickable Quiz

WWE Divas Champions by Nicknames Quiz Stats

Quiz not verified by Sporcle

Challenge
Share
Tweet
Embed
Score 0/16 Timer 10:00
0 Plays Today
% Correct
Brie Bella
94.7%
Beth Phoenix
88%
Alicia Fox
87.1%
Natalya
84.4%
Maryse
80.4%
Nikki Bella
77.6%
AJ Lee
70%
Kelly Kelly
68.5%
% Correct
Mickie James
66.7%
Paige
65.3%
Melina
64%
Eve Torres
61.3%
Jillian Hall
60.3%
Michelle Mccool
56.5%
Kaitlyn
52.2%
Layla
51.4%

You're not logged in!

Compare scores with friends on all Sporcle quizzes.
Join for Free
OR
Log In

You Might Also Like...

Show Comments

Extras

Top Quizzes Today


Score Distribution

Your Account Isn't Verified!

In order to create a playlist on Sporcle, you need to verify the email address you used during registration. Go to your Sporcle Settings to finish the process.

Report this User

Report this user for behavior that violates our Community Guidelines.

Details: